000 00526nam a2200205Ia 4500
008 170918s9999 xx 000 0 und d
020 _a439099404
050 _bT969ad 1999
100 _aTwain, Mark
245 4 _aThe adventures of Tom Sawyer /
245 _cby Mark Twain ; introduction by Jean Craighead George..
260 _aNew York :
260 _bScholastic,
260 _c1999
300 _a319 pages :
300 _billustrations ;
300 _c17cm.
300 _eScholastic classics.
500 _a920
999 _c343962
_d343962